000
00303nam a22001337a 4500
008
180907b xxu||||| |||| 00| 0 eng d
020
_a
9780534349882
041
_a
eng
080
_2
8 ED
_a
510
100
_a
38
101
_a
MAT
245
_a
The Nature Of Mathematics
_c
Smith.K.J
942
_2
udc
_c
BK
999
_c
47608
_d
47608